Countries with the most Mormons - Statistics

General Stats
  • This quiz has been taken 35 times
  • The average score is 23 of 30
Answer Stats
Members Country % Correct
1,481,530 Mexico
100%
6,721,032 United States
100%
1,429,935 Brazil
97%
199,054 Canada
97%
154,595 Australia
90%
130,340 Japan
90%
115,236 New Zealand
90%
188,167 United Kingdom
90%
602,373 Chile
87%
619,045 Peru
87%
107,103 Uruguay
87%
470,843 Argentina
84%
212,148 Bolivia
84%
253,782 Ecuador
81%
96,114 Paraguay
81%
168,539 Venezuela
81%
209,985 Colombia
77%
100,331 Nicaragua
77%
88,622 South Korea
77%
180,646 Honduras
74%
143,870 Dominican Republic
71%
281,465 Guatemala
71%
68,772 South Africa
68%
128,881 El Salvador
61%
192,144 Nigeria
61%
68,871 D.R. of the Congo
58%
805,209 Philippines
58%
89,135 Ghana
45%
66,361 Tonga
42%
83,740 Samoa
35%
No matching quizzes found
Score Distribution
Percent of People with Each Score
Percentile by Number Answered
Your Score History
You have not taken this quiz